Comercio internacional

Gespeichert in:
Bibliographische Detailangaben
1. Verfasser: Ellsworth, P.T
Weitere Verfasser: Leith, J. Clark
Format: Buch
Sprache:Spanisch
Veröffentlicht: México Fondo de cultura económica 1978
Ausgabe:3. ed.
Schlagworte:
Tags: Tag hinzufügen
Keine Tags, Fügen Sie das erste Tag hinzu!

MARC

LEADER 00000nam a2200000 4500
001 c129862
005 20221123135146.5
041 0 |a spa 
044 |a MX 
245 1 0 |a Comercio internacional  |c P.T. Ellsworth, J. Clark Leith 
250 |a 3. ed. 
264 1 |a México  |b Fondo de cultura económica  |c 1978 
300 |a 617 s. 
610 2 0 |a obchod zahraničný 
610 2 0 |a Mexiko 
610 2 0 |a politika hospodárska medzinárodná 
610 2 0 |a teória obchodu 
100 1 |a Ellsworth, P.T. 
700 1 |a Leith, J. Clark